[Event "Figueira da Foz op 13th"]
[Site "Figueira da Foz"]
[Date "2019.11.01"]
[Round "7"]
[White "Almeida, Francisco Rosas"]
[Black "Puglia, Francesco"]
[Result "0-1"]
[WhiteElo "1564"]
[BlackElo "1916"]
[PlyCount "84"]
[EventDate "2019.10.27"]
[EventType "swiss"]
[EventRounds "9"]
[EventCountry "POR"]
[SourceTitle "CBM 192 Extra"]
[Source "Chessbase"]
[SourceDate "2019.11.06"]
[SourceVersion "1"]
[SourceVersionDate "2019.11.06"]
[SourceQuality "1"]

1. e4 Nf6 2. e5 Ng8 3. d4 d5 4. Nf3 c5 5. c3 Nc6 6. Bb5 Bg4 7. Bxc6+ bxc6 8. dxc5 Qc7 9. Bf4 a5 10. 0-0 e6 11. b4 axb4 12. cxb4 g5 13. Bg3 h5 14. h3 Bxf3 15. Qxf3 g4 16. hxg4 hxg4 17. Qxg4 Nh6 18. Qe2 Nf5 19. Nd2 f6 20. exf6 Qh7 21. Qxe6+ Kd8 22. f3 Bh6 23. f4 Nxg3 24. Qd6+ Qd7 25. Qxd7+ Kxd7 26. Rf3 Nh5 27. g3 Nxf6 28. Rd3 Bg7 29. Nc4 Ke6 30. Nb6 Rad8 31. a4 Ne4 32. Ra2 Kf5 33. a5 Bc3 34. Ra4 Rh7 35. Kg2 Rdh8 36. a6 Kg4 37. Rd1 Rh2+ 38. Kf1 Rf2+ 39. Kg1 Rhh2 40. Rd3 Rhg2+ 41. Kh1 Nxg3+ 42. Rxg3+ Kxg3 0-1

[Event "Figueira da Foz op 13th"]
[Site "Figueira da Foz"]
[Date "2019.10.30"]
[Round "4"]
[White "Almeida, Francisco Rosas"]
[Black "Correia, Pedro Mourao Soares"]
[Result "0-1"]
[WhiteElo "1564"]
[BlackElo "1529"]
[PlyCount "89"]
[EventDate "2019.10.27"]
[EventType "swiss"]
[EventRounds "9"]
[EventCountry "POR"]
[SourceTitle "CBM 192 Extra"]
[Source "Chessbase"]
[SourceDate "2019.11.06"]
[SourceVersion "1"]
[SourceVersionDate "2019.11.06"]
[SourceQuality "1"]

1. e4 d5 2. exd5 Nf6 3. Bb5+ Bd7 4. Bc4 b5 5. Bb3 Bg4 6. f3 Bc8 7. Ne2 Nxd5 8. Bxd5 Qxd5 9. Nbc3 Qd7 10. 0-0 e6 11. d3 Be7 12. Be3 0-0 13. Qd2 Bb7 14. a3 a6 15. Ng3 Nc6 16. Nge4 Nd4 17. b4 Bxe4 18. Nxe4 Rfd8 19. Rad1 Qd5 20. c3 Nf5 21. Bf2 a5 22. Nc5 axb4 23. cxb4 Rxa3 24. Ra1 Rda8 25. Rxa3 Rxa3 26. Rc1 Bf6 27. Ne4 Be5 28. Rc5 Ra1+ 29. Be1 Bd4+ 30. Kh1 Bxc5 31. Nxc5 Nd4 32. Ne4 Nc2 33. h3 Rxe1+ 34. Kh2 Rxe4 35. fxe4 Qe5+ 36. Kh1 Nd4 37. Qa2 g6 38. Qa5 Kg7 39. Qa1 Nc6 40. Qb1 Qd4 41. Qc1 Nxb4 42. Qxc7 Nxd3 43. Qb8 b4 44. Kh2 Qe5+ 45. Qxe5+ 0-1

[Event "Figueira da Foz op 13th"]
[Site "Figueira da Foz"]
[Date "2019.10.27"]
[Round "1"]
[White "Fernandes, Miguel A Murtinho"]
[Black "Almeida, Francisco Rosas"]
[Result "1-0"]
[WhiteElo "2115"]
[BlackElo "1564"]
[PlyCount "53"]
[EventDate "2019.10.27"]
[EventType "swiss"]
[EventRounds "9"]
[EventCountry "POR"]
[SourceTitle "CBM 192 Extra"]
[Source "Chessbase"]
[SourceDate "2019.11.06"]
[SourceVersion "1"]
[SourceVersionDate "2019.11.06"]
[SourceQuality "1"]

1. d4 d5 2. c4 e6 3. Nc3 Nf6 4. Bg5 Be7 5. cxd5 exd5 6. e3 c6 7. Bd3 0-0 8. Qc2 h6 9. Bf4 Nbd7 10. Nf3 c5 11. 0-0 c4 12. Be2 a6 13. a4 Re8 14. b3 cxb3 15. Qxb3 Nf8 16. Rfc1 Ng6 17. Bg3 Bd6 18. a5 Bxg3 19. hxg3 Ne7 20. Ne5 Ne4 21. Nxe4 dxe4 22. Nxf7 Qd5 23. Bc4 Qh5 24. Nd6+ Kh8 25. Bf7 Qg4 26. Bxe8 Be6 27. Qxb7 1-0